• 首页
  • 本馆介绍
  • 公告通知
  • 最新文献
  • 馆藏检索
  • 电子资源
  • 读者导购
  • 参考咨询
  • 我的图书馆
  • 登录
  • 详细信息显示
  • 放入我的书架
  • 预约/预借图书
  • 作者相关作品
  • 分类相关作品
  • 丛书相关作品
  • 出版社相关作品

书目信息

  • 表格格式
  • 工作单格式
  • 卡片格式
题名:
柴油机维修专门化
    
 
作者: 崔长海 主编
分册:  
出版信息: 北京   人民交通出版社  2003
页数: 385页
开本: 26cm
丛书名:
单 册:
中图分类: TK428
科图分类:
主题词: 柴油机--维修--中等专业教育--教材 , 柴油机
电子资源:
ISBN: 7-114-04669-3
000 00830nam0 2200253 450
001 012015000298
005 20150914104256.10
010    @a7-114-04669-3@dCNY39.00
100    @a20030630d2003 em y0chiy50 ea
101 0  @achi
102    @aCN@b110000
105    @ay z 000yy
106    @ar
200 1  @a柴油机维修专门化@Achai you ji wei xiu zhuan men hua@f崔长海主编
210    @a北京@c人民交通出版社@d2003
215    @a385页@d26cm
300    @a中等职业教育国家规划教材配套教材 汽车运用与维修专业
330    @a本书是中等职业教育国家规划教材配套教材,对柴油发动机的构造、工作原理、故障诊断及维修等方面进行了系统地介绍。
606 0  @a柴油机@x维修@x中等专业教育@j教材
606 0  @a柴油机
690    @aTK428@v5
701  0 @a崔长海@Acui chang hai@4主编
801  0 @aCN@b碧洲教育@c20150716
905    @a10447@f4@dTK428@e124
    
    柴油机维修专门化/崔长海主编.-北京:人民交通出版社,2003
    385页;26cm
    中等职业教育国家规划教材配套教材 汽车运用与维修专业
    
    ISBN 7-114-04669-3:CNY39.00
    本书是中等职业教育国家规划教材配套教材,对柴油发动机的构造、工作原理、故障诊断及维修等方面进行了系统地介绍。
●
相关链接 在E读中查询图书 在五车中查询图书 在当当中查询图书 在豆瓣中查询图书


正题名:柴油机维修专门化     索取号:TK428/124         预约/预借

序号 登录号 条形码 馆藏地/架位号 状态 备注
1 0849848   208498482   第二样本阅览室/ [索取号:TK428/124] 在馆    
2 0849849   208498491   第三借阅区/ [索取号:TK428/124] 在馆    
3 0849850   208498507   第三借阅区/ [索取号:TK428/124] 在馆    
4 0849851   208498516   第三借阅区/ [索取号:TK428/124] 在馆    
唐山师范学院图书馆 欢迎您!
大连网信软件有限公司© 版权所有